00306pab a2200121 454500008004000000100002100040245005100061260000900112300001200121362001200133650001800145773002100163180718b2002 xxu||||| |||| 00| 0 eng d aPatnaik, Prabhat aGlobalization and the emerging global politics c2002 ap.2-16. aNov-Dec aGlobalization aSocial Scientist